000 00964cam a2200289 i 4500
001 1697121
003 GBCCL
005 20241126110351.0
008 761006s1964 ii bd b 001 0 eng d
035 _a(OCoLC)ocn683613949
035 _a1697121
040 _aPTS
_cPTS
_dYUS
049 _aYUTI
082 _a270
_bGIB
099 _aIE8
_aG354f
100 1 _aGibbs, Marion Euphemia,
_d1901-
_91667
245 1 0 _aFrom Jerusalem to New Delhi :
_bthe story of the Christian church /
_cby M. E. Gibbs.
260 _aMadras :
_bPublished for the Senate of Serampore College by the Christian Literature Society,
_c1964.
300 _axix, 369 p., [12] leaves of plates :
_bmaps ;
_c19 cm.
490 0 _aThe Christian students' library ;
_vno. 32
500 _aIncludes index.
504 _aBibliography: p. [329]-336.
590 _aDIV IE8 G354f: Gift: The Christian students' library.
650 0 _aChurch history.
_9117
942 _2ddc
_cBK
_01
948 _aRECON
999 _c1002
_d1002